| 000 | 00571nam a2200193 i 4500 | ||
|---|---|---|---|
| 001 | Rebiun03968539 | ||
| 003 | AR-RoIUNI | ||
| 005 | 20190701164637.0 | ||
| 008 | A10218s1995 it || 000|0 ita d | ||
| 040 |
_aBUS _cIUNIR |
||
| 080 | _a811.313.1 BOZ | ||
| 100 | 1 | _aBozzone Costa, Rosella | |
| 245 | 1 | 0 |
_aViaggio nell'italiano _bcorso di lingua e cultura italiana per stranieri _cRosella Bozzone Costa |
| 260 |
_aTorino : _bLoescher, _c1995 |
||
| 300 | _a468 p. : il. ; 24 cm | ||
| 500 | _aFecha tomada del cop | ||
| 650 | 1 | 0 |
_aItaliano _xLengua _9544 |
| 942 |
_2cdu _cBK |
||
| 999 |
_c4846 _d4846 |
||